000 01042nam a2200217Ia 4500
001 383
003 AR-BaAGN
005 20231103124728.0
007 ta
008 211206s9999 xx 000 0 spa d
040 _aAR-BaAGN
_bspa
_eaacr
245 0 0 _aErnesto Tornquist & C° Limitada (1874-1924)
260 _aBuenos Aires :
_b[editor no identificado],
_c1924.
300 _a1 volumen
336 _2rdacontent
_btxt
337 _2rdamedia
_bn
338 _2rdacarrier
_bnc
501 _aNúmero 1 de 8 obras encuadernadas juntas. Encuadernado con: Los tobas: su ubicación geográfica, idioma y costumbres -- Rasgos biográficos del primer gobernador constitucional de Buenos Aires Dr. Pastor Obligado -- Una conmemoración a bordo de la “Richmond” -- Una Fundación de Mitre: la Junta de Historia y Numismática Americana -- Homenaje rendido al Sr. Coronel Sebastián N. Casares -- Centenario de la Carta de Mayo (1825 -15 de julio- 1925) -- Homenaje a Bartolomé Mitre (1821 -26 de junio- 1921).
942 _cLIBRO
999 _c383
_d383